| 000 | 00380nam a2200133Ia 4500 | ||
|---|---|---|---|
| 008 | 220217s9999||||xx |||||||||||||| ||und|| | ||
| 020 | _a978-93-804081-9-4 | ||
| 082 | _a621.381 RAJ | ||
| 100 |
_aRaj, Krishna and Sachan, Vibhav Kumar _96998 |
||
| 245 | 0 | _aDigital electronics | |
| 260 |
_aACME learning Pvt. Ltd. _bNew Delhi _c2010 |
||
| 300 | _b150 | ||
| 650 | _aELECTRONICS | ||
| 999 |
_c180228 _d180228 |
||